| 000 | 00454nam a2200181Ia 4500 | ||
|---|---|---|---|
| 005 | 20250603145021.0 | ||
| 008 | 250603s9999 xx 000 0 und d | ||
| 020 | _a1-932099-79-4 | ||
| 050 | _aBP 189.7 .M42 C3513/ | ||
| 100 | _aCan, Sefik | ||
| 245 | 0 | _aFundamentals of Rumi`s thought : a Mevlevi Sufi perspective | |
| 260 | _aNew Jersey | ||
| 260 | _bThe Light Inc. | ||
| 260 | _c2004 | ||
| 300 | _a314 p | ||
| 650 | _aNew Jersey | ||
| 942 | _cBK | ||
| 999 |
_c40625 _d40625 |
||